| 000 | 00357 a2200109 4500 | ||
|---|---|---|---|
| 001 | ART_16889 | ||
| 005 | 20260410161718.0 | ||
| 008 | 260409a | ||
| 245 | 1 | 0 | _aNaturaleza de los actos emanados de las personas públicas no estatales |
| 100 | 1 | _aHalperin, David A. | |
| 773 | 0 |
_tDerecho administrativo _g- Nº 87 (mayo/jun. 2013) _wREV1721 |
|
| 999 |
_c16747 _d16747 |
||